000 01001nam a2200277 a 4500
003 DO-SdBNP
005 20250429115423.0
007 ta
008 221116e2022 dr a|||er|||| 001 edspa d
020 _a9789945222067
040 _aDO-SdBNP
_bspa
_cBNPHU
082 4 _222
_bM672v
100 1 _910162
_aMiranda, Roberto S
245 1 0 _aVida por diseño:
_bel poder de una vida intencional. /
_cRobert S. Miranda
260 _aSanto Domingo :
_bLeón de Judá,
_c2022
300 _a366 p. :
_bil. ;
_c23 cm.
500 _aIncluye datos biográficos del autor en solapa de la cubierta.
500 _aLecciones para alcanzar la vida abundante que Dios tiene par tí.
590 _aInventariado 2022 / MF
650 0 _aÉxito
_xRepública Dominicana
_9394
650 4 _910825
_aSuperación Personal
_xRepública Dominicana
650 0 _aConducta de vida
_vÉxito
_xRepública Dominicana
_911947
650 4 _921336
_aEstilo de Vida
_vÉxito
_xRepública Dominicana
910 _aMFeliz
942 _2ddc
_cLBS1
999 _c52948
_d52948